Thinking machines : machine learning and its hardware implementation /

"Thinking Machines: Machine Learning and Its Hardware Implementation covers the theory and application of machine learning, neuromorphic computing and neural networks. This is the first book that focuses on machine learning accelerators and hardware development for machine learning. It presents...

Full description

Bibliographic Details
Main Author: Takano, Shigeyuki
Corporate Author: ScienceDirect (Online service)
Format: eBook
Language:English
Published: London : Academic Press, 2021.
Subjects:
Online Access:Connect to the full text of this electronic book

MARC

Tag First Indicator Second Indicator Subfields
LEADER 00000cam a2200000 a 4500
001 in00005767821
005 20260327170026.1
006 m o d
007 cr |n|||||||||
008 210331s2021 enk ob 001 0 eng d
040 |a YDX  |b eng  |e pn  |c YDX  |d OPELS  |d OCLCO  |d N$T  |d OCLCF  |d RDF  |d OCLCQ  |d OCLCO  |d K6U  |d OCLCQ  |d OCLCO  |d SXB  |d OCLCQ  |d OCLCL 
020 |a 9780128182802  |q (electronic bk.) 
020 |a 0128182806  |q (electronic bk.) 
020 |z 9780128182796 
020 |z 0128182792 
035 |a (OCoLC)1243966721 
041 1 |a eng  |h jpn 
050 4 |a Q325.5 
082 0 4 |a 006.3/1  |2 23 
049 |a TXAM 
100 1 |a Takano, Shigeyuki. 
245 1 0 |a Thinking machines :  |b machine learning and its hardware implementation /  |c Shigeyuki Takano. 
260 |a London :  |b Academic Press,  |c 2021. 
300 |a 1 online resource 
336 |a text  |b txt  |2 rdacontent 
337 |a computer  |b c  |2 rdamedia 
338 |a online resource  |b cr  |2 rdacarrier 
504 |a Includes bibliographical references and index. 
520 |a "Thinking Machines: Machine Learning and Its Hardware Implementation covers the theory and application of machine learning, neuromorphic computing and neural networks. This is the first book that focuses on machine learning accelerators and hardware development for machine learning. It presents not only a summary of the latest trends and examples of machine learning hardware and basic knowledge of machine learning in general, but also the main issues involved in its implementation. Readers will learn what is required for the design of machine learning hardware for neuromorphic computing and/or neural networks. This is a recommended book for those who have basic knowledge of machine learning or those who want to learn more about the current trends of machine learning"--  |c Provided by publisher 
650 0 |a Machine learning. 
650 0 |a Computers. 
650 2 |a Computers 
650 2 |a Machine Learning 
650 6 |a Apprentissage automatique. 
650 6 |a Ordinateurs. 
650 7 |a computers.  |2 aat 
650 7 |a Computers  |2 fast 
650 7 |a Machine learning  |2 fast 
655 7 |a Electronic books.  |2 local 
710 2 |a ScienceDirect (Online service) 
776 0 8 |i Print version:  |z 0128182792  |z 9780128182796  |w (OCoLC)1153305284 
856 4 0 |u http://proxy.library.tamu.edu/login?url=https://www.sciencedirect.com/science/book/9780128182796  |z Connect to the full text of this electronic book  |t 0 
955 |a Elsevier ScienceDirect 2026-2027 
994 |a 92  |b TXA 
999 f f |i 8e6617b5-171c-426b-91ee-98a64cc3a460  |s b97a10b5-422a-4dec-a33b-e44f0e136d35  |t 0 
952 f f |a Texas A&M University  |b College Station  |c Electronic Resources  |s www_evans  |d Available Online  |t 0  |e Q325.5   |h Library of Congress classification 
998 f f |a Q325.5   |t 0  |l Available Online